| 000 | 01208cam a22003018a 4500 | ||
|---|---|---|---|
| 001 | 14503251 | ||
| 005 | 20100616131553.0 | ||
| 008 | 060817s2007 enk | 00| 0 eng d | ||
| 010 | _a2006026586 | ||
| 020 | _a9781857883862 | ||
| 020 | _a1857883861 | ||
| 040 |
_aDLC _cDLC _dDLC |
||
| 050 | 0 | 0 |
_aBF76.8 _b.B88 2007 |
| 082 | 0 | 0 |
_a150 _222 _bBUT |
| 100 | 1 |
_aButler-Bowdon, Tom, _d1967- _915761 |
|
| 245 | 1 | 0 |
_a50 Psychology Classics : _bWho we are, how we think, what we do Insight and inspiration from 50 key books / _cTom Butler-Bowdon. |
| 246 | 3 | _aFifty psychology classics | |
| 260 |
_aLondon : _bNicholas Brealey Pub., _c2007. |
||
| 263 | _a0701 | ||
| 300 |
_a301 p. ; _c23 cm. |
||
| 504 | _aIncludes bibliographical references (p. 299-301). | ||
| 541 | _aBacca ; | ||
| 650 | 0 |
_aPsychological literature. _915762 |
|
| 856 | 4 | 1 |
_3Table of contents only _uhttp://www.loc.gov/catdir/toc/ecip0619/2006026586.html |
| 942 |
_2ddc _cBB |
||
| 999 |
_c14349 _d14349 |
||